Statistiques concernant Super Mario 64 étoiles de puissances sur une carte: Chez le roi des neiges

Cliquez ici pour prendre le quiz!

Statistiques générales

  • Ce quiz a été pris 22 fois
  • Le résultat moyen est 6 sur 9

Réponses sur la Carte

Les réponses sont colorées sur une échelle allant du rouge au vert en fonction du pourcentage des utilisateurs qui les ont devinées à leur premier essai. Vous pouvez retrouver ces pourcentages ci-dessous.
 

Statistiques - réponses

#Réponse% Correct
6A l'intérieur de l'{igloo}
95%
5Carapace pour {pièces} {rouges}
77%
7L'igloo aux {pièces} {rouges}
77%
2Combattez le Gros {Voyou} givré
73%
1Grosse {tête} du bonhomme de neige
68%
5L'{étoile} du bonhomme de neige
68%
3{Yoshi} sculpteur de glace
64%
4Vrille depuis le {lac}
41%
3Dans le {glaçon}
32%

Distribution des résultats

Percentile par nombre de réponses

% des personnes avec chaque résultat

Votre développement - résultats

Vous n’avez pas pris ce quiz